LIBRARY ONLINE CATALOGUE

Blue Ocean Strategy (Record no. 18026)

MARC details
000 -LEADER
fixed length control field 00447nam a22001457a 4500
008 - FIXED-LENGTH DATA ELEMENTS--GENERAL INFORMATION
fixed length control field 191114b xxu||||| |||| 00| 0 eng d
020 ## - INTERNATIONAL STANDARD BOOK NUMBER
International Standard Book Number 1591396190
050 ## - LIBRARY OF CONGRESS CALL NUMBER
Classification number HF5415.153
Item number .K56
100 ## - MAIN ENTRY--PERSONAL NAME
Personal name Kim, W. Chan
245 ## - TITLE STATEMENT
Title Blue Ocean Strategy
Remainder of title How to Create Uncontested Market Space and Make the Competition Irrelevant
Statement of responsibility, etc. W. Chan Kim
260 ## - PUBLICATION, DISTRIBUTION, ETC. (IMPRINT)
Place of publication, distribution, etc. Boston
Name of publisher, distributor, etc. HBS Press
Date of publication, distribution, etc. 2005
300 ## - PHYSICAL DESCRIPTION
Extent xi, 240p.
700 ## - ADDED ENTRY--PERSONAL NAME
Personal name Renee Mauborgne
942 ## - ADDED ENTRY ELEMENTS (KOHA)
Source of classification or shelving scheme Library of Congress Classification
Koha item type General Collection
Holdings
Withdrawn status Lost status Source of classification or shelving scheme Not for loan Home library Current library Date acquired Total Checkouts Full call number Barcode Date last seen Copy number Price effective from Koha item type
    Library of Congress Classification   Kabarak, Main Campus Kabarak, Main Campus 14/11/2019   HF5415.153 .K56 2005 c.1 028083 14/11/2019 c. 1 14/11/2019 General Collection